Shrinking Cities in Louisiana - Statistics

General Stats
  • This quiz has been taken 14 times
  • The average score is 5 of 8
Answer Stats
Population Growth Rate (%) City % Correct
227,470 -0.8 Baton Rouge
92%
187,593 -6.8 Shreveport
92%
121,374 -0.3 Lafayette
75%
47,702 -2.5 Monroe
67%
45,275 -5.6 Alexandria
58%
33,406 -0.9 Houma
50%
66,448 -0.3 Kenner
42%
28,555 -6.9 New Iberia
25%
No matching quizzes found
Score Distribution
Percent of People with Each Score
Percentile by Number Answered
Your Score History
You have not taken this quiz